[Event "GBR-ch84 Major Open"]
[Site "Hove"]
[Date "1997.08.09"]
[Round "6"]
[White "Costley, Martin Owen"]
[Black "Hodge, David J"]
[Result "1/2-1/2"]
[WhiteElo "2008"]
[BlackElo "2140"]
[PlyCount "87"]
[EventDate "1997.08.04"]
[EventType "swiss"]
[EventRounds "11"]
[EventCountry "GBR"]
[SourceTitle "BritBase"]
[Source "John Saunders"]
[SourceDate "2024.07.22"]
[SourceVersion "1"]
[SourceVersionDate "2024.07.22"]
[SourceQuality "1"]

1. d4 Nf6 2. c4 g6 3. Nc3 Bg7 4. e4 d6 5. Bd3 O-O 6. Nge2 e5 7. d5 Nbd7 8. O-O
Qe7 9. f3 Nh5 10. g4 Nhf6 11. Bg5 h6 12. Bh4 a6 13. Kh1 Re8 14. Bf2 h5 15. g5
Nh7 16. h4 f6 17. gxf6 Qxf6 18. Bg3 Bh6 19. f4 exf4 20. Nxf4 Bxf4 21. Rxf4 Qg7
22. Qd2 Ne5 23. Be2 Nf6 24. Raf1 Rf8 25. Kh2 Bg4 26. Bxg4 Nfxg4+ 27. Kh1 Nxc4
28. Qe2 Nce5 29. Nd1 Rxf4 30. Rxf4 Rf8 31. Qf1 Rxf4 32. Qxf4 Qf7 33. Kg2 Qxf4
34. Bxf4 Kf7 35. b3 Nd3 36. Bg5 Nde5 37. Bd8 c5 38. Kg3 Ke8 39. Ba5 Nd3 40. Bd2
Ke7 41. Bg5+ Kf7 42. Kf3 Ne1+ 43. Kf4 Nd3+ 44. Kf3 1/2-1/2

[Event "GBR-ch84 Major Open"]
[Site "Hove"]
[Date "1997.08.09"]
[Round "6"]
[White "Dyce, Andrew N"]
[Black "Raoof, Adam N"]
[Result "1-0"]
[WhiteElo "2150"]
[BlackElo "2070"]
[PlyCount "87"]
[EventDate "1997.08.04"]
[EventType "swiss"]
[EventRounds "11"]
[EventCountry "GBR"]
[SourceTitle "BritBase"]
[Source "John Saunders"]
[SourceDate "2024.07.22"]
[SourceVersion "1"]
[SourceVersionDate "2024.07.22"]
[SourceQuality "1"]

1. Na3 d5 2. c4 e6 3. Nf3 Nf6 4. b3 c6 5. Bb2 Nbd7 6. g3 Bd6 7. Bg2 O-O 8. O-O
Qe7 9. Nc2 Re8 10. d3 a5 11. cxd5 exd5 12. Re1 Ne5 13. Nfd4 Ng6 14. e4 dxe4 15.
dxe4 Bb4 16. Nxb4 axb4 17. e5 Nd5 18. Bxd5 cxd5 19. Qd2 Bd7 20. e6 Bxe6 21. Nf5
Bxf5 22. Rxe7 Rxe7 23. Qxd5 Be4 24. Qc5 Bc6 25. Qxb4 Rae8 26. Kf1 Re4 27. Qb6
R4e6 28. Qd4 f6 29. Qd3 Be4 30. Qc4 Kh8 31. Qc5 h6 32. a4 Ne5 33. Bxe5 Rxe5 34.
Qc3 Bc6 35. b4 Be4 36. b5 b6 37. Rd1 Bf5 38. h4 Bg4 39. Rd6 R5e6 40. Rxe6 Rxe6
41. f3 Bh3+ 42. Kf2 h5 43. a5 bxa5 44. Qxa5 1-0

[Event "GBR-ch84 Major Open"]
[Site "Hove"]
[Date "1997.08.09"]
[Round "6"]
[White "Ogunshola, Ben"]
[Black "Osborne, Marcus E"]
[Result "1-0"]
[WhiteElo "2140"]
[BlackElo "2135"]
[PlyCount "87"]
[EventDate "1997.08.04"]
[EventType "swiss"]
[EventRounds "11"]
[EventCountry "GBR"]
[SourceTitle "BritBase"]
[Source "John Saunders"]
[SourceDate "2024.07.22"]
[SourceVersion "1"]
[SourceVersionDate "2024.07.22"]
[SourceQuality "1"]

1. c4 Nf6 2. Nf3 c6 3. g3 d6 4. Nc3 e5 5. d3 Nbd7 6. Bg2 Be7 7. O-O O-O 8. Bg5
Qc7 9. Rc1 a5 10. a3 b6 11. d4 Re8 12. Qc2 Nf8 13. c5 dxc5 14. dxc5 b5 15. Bxf6
Bxf6 16. Ne4 Be7 17. Nd6 Bxd6 18. cxd6 Qxd6 19. Rfd1 Qe7 20. Qxc6 Bb7 21. Qxb5
Ba6 22. Qxe5 Qb7 23. Qc7 Qxc7 24. Rxc7 Bxe2 25. Rd2 Rad8 26. Rxd8 Rxd8 27. h4
Rd3 28. Ne5 Rd1+ 29. Kh2 f6 30. Nc4 Ne6 31. Rc8+ Kf7 32. Ne3 Rd2 33. Rc2 Rxc2
34. Nxc2 a4 35. Bd5 Ba6 36. Nd4 Bc8 37. b3 axb3 38. Bxb3 Ke7 39. Nxe6 Bxe6 40.
Bxe6 Kxe6 41. Kg2 Kd5 42. Kf3 g6 43. h5 g5 44. g4 1-0

[Event "GBR-ch84 Major Open"]
[Site "Hove"]
[Date "1997.08.09"]
[Round "6"]
[White "Tebb, David J"]
[Black "Almond, Richard JA"]
[Result "1-0"]
[WhiteElo "2280"]
[BlackElo "2125"]
[PlyCount "81"]
[EventDate "1997.08.04"]
[EventType "swiss"]
[EventRounds "11"]
[EventCountry "GBR"]
[SourceTitle "BritBase"]
[Source "John Saunders"]
[SourceDate "2024.07.22"]
[SourceVersion "1"]
[SourceVersionDate "2024.07.22"]
[SourceQuality "1"]

1. e4 c6 2. d4 d5 3. e5 Bf5 4. Nf3 e6 5. a3 c5 6. c4 Nc6 7. cxd5 Qxd5 8. Nc3
Qd7 9. Be3 cxd4 10. Nxd4 Nxd4 11. Qxd4 Qxd4 12. Bxd4 a6 13. g4 Bxg4 14. Bg2 Rb8
15. Ne4 Nh6 16. h3 Bh5 17. Ng3 Bg6 18. Rc1 Be7 19. Rc7 Bd8 20. Rxb7 Rc8 21. O-O
O-O 22. Bc3 Rc7 23. Rd1 Rxb7 24. Bxb7 a5 25. b4 a4 26. Bc6 Bb6 27. Bb2 Bc2 28.
Rd7 Rb8 29. Bd4 Bxd4 30. Rxd4 Nf5 31. Nxf5 exf5 32. Rd7 Bb3 33. Ra7 g5 34. Bxa4
Bd5 35. Ra5 Be4 36. Bd7 Rd8 37. Ra7 f4 38. b5 Rb8 39. Rc7 Rb6 40. a4 Kg7 41.
Bc6 {Source: probably J A Dodgson. Contributed by Brian Denman.} 1-0

[Event "GBR-ch84 Major Open"]
[Site "Hove"]
[Date "1997.08.09"]
[Round "6"]
[White "Alfred, Nathan SW"]
[Black "Pflug, Matthias"]
[Result "0-1"]
[WhiteElo "2165"]
[BlackElo "2175"]
[PlyCount "80"]
[EventDate "1997.08.04"]
[EventType "swiss"]
[EventRounds "11"]
[EventCountry "GBR"]
[SourceTitle "BritBase"]
[Source "John Saunders"]
[SourceDate "2024.07.22"]
[SourceVersion "1"]
[SourceVersionDate "2024.07.22"]
[SourceQuality "1"]

1. e4 c5 2. Nc3 d6 3. f4 Nc6 4. Nf3 g6 5. Bc4 Bg7 6. O-O e6 7. d3 Nge7 8. f5
gxf5 9. Ng5 h6 10. Nxf7 Bd4+ 11. Kh1 Kxf7 12. Qh5+ Kg7 13. exf5 d5 14. Qg4+ Kh7
15. fxe6 Ne5 16. Qh5 dxc4 17. Bxh6 Kg8 18. Nd5 Nxd5 19. Rf7 Rxh6 20. Qxh6 Nxf7
21. Qg6+ Bg7 22. Qxf7+ Kh7 23. Qf5+ Kg8 24. Qf7+ Kh7 25. Qf5+ Kh6 26. dxc4 Nf6
27. g4 Bxe6 28. g5+ Kh5 29. Qxe6 Qd7 30. Qe5 Re8 31. Qxc5 Ng4 32. h3 Nf2+ 33.
Qxf2 Qxh3+ 34. Kg1 Qg4+ 35. Kh1 Re2 36. Qf7+ Kh4 37. Qf1 Qe4+ 38. Kg1 Bd4+ 39.
Qf2+ Rxf2 40. Rf1 Qg2# 0-1

[Event "GBR-ch84 Major Open"]
[Site "Hove"]
[Date "1997.08.09"]
[Round "6"]
[White "Stephenson, Frederick Norman"]
[Black "Beckett, Christopher J"]
[Result "1/2-1/2"]
[WhiteElo "2190"]
[BlackElo "2176"]
[PlyCount "68"]
[EventDate "1997.08.04"]
[EventType "swiss"]
[EventRounds "11"]
[EventCountry "GBR"]
[SourceTitle "BritBase"]
[Source "John Saunders"]
[SourceDate "2024.07.22"]
[SourceVersion "1"]
[SourceVersionDate "2024.07.22"]
[SourceQuality "1"]

1. d4 Nf6 2. c4 Nc6 3. Nc3 e5 4. d5 Ne7 5. Nf3 Ng6 6. h4 e4 7. h5 Nxh5 8. Nxe4
Nf6 9. Qd4 Nxe4 10. Qxe4+ Qe7 11. Qc2 Ne5 12. Nxe5 Qxe5 13. Bd2 d6 14. Bc3 Bf5
15. Qa4+ Bd7 16. Qb3 Qg5 17. Qxb7 Qd8 18. O-O-O f5 19. Qb3 Kf7 20. e3 Be7 21.
c5 Rb8 22. Qc4 Bf6 23. c6 Bc8 24. Bxf6 $6 Qxf6 25. Qd4 Rb6 26. Qxf6+ Kxf6 27.
Bc4 Ba6 28. Bb3 Rb4 29. Rd2 h6 30. Rhd1 Rhb8 31. Rd4 Be2 32. R1d2 Bf1 33. g3 a5
34. Kc2 Ke5 $11 {Source: Norman Stephenson} 1/2-1/2

[Event "GBR-ch84 Major Open"]
[Site "Hove"]
[Date "1997.08.09"]
[Round "6"]
[White "Player, Edmund C"]
[Black "Noyce, Robert C"]
[Result "1-0"]
[WhiteElo "2090"]
[BlackElo "2180"]
[PlyCount "65"]
[EventDate "1997.08.04"]
[EventType "swiss"]
[EventRounds "11"]
[EventCountry "GBR"]
[SourceTitle "BritBase"]
[Source "John Saunders"]
[SourceDate "2024.07.22"]
[SourceVersion "1"]
[SourceVersionDate "2024.07.22"]
[SourceQuality "1"]

1. e4 d5 2. exd5 Nf6 3. Nf3 Nxd5 4. Nc3 Nxc3 5. bxc3 Bg4 6. Be2 e6 7. O-O Bd6
8. d4 c6 9. Bg5 Qc7 10. h3 Bf5 11. Bd3 Bxd3 12. Qxd3 h6 13. Be3 Nd7 14. c4 Nf6
15. Nd2 O-O 16. Ne4 Nxe4 17. Qxe4 e5 18. c5 Be7 19. Qxe5 Qxe5 20. dxe5 f6 21.
Rab1 b5 22. cxb6 axb6 23. Rxb6 fxe5 24. Rxc6 Rxa2 25. Rd1 Bf6 26. Rc1 h5 27. c4
Rb8 28. c5 Rbb2 29. Rc8+ Kh7 30. c6 Bh4 31. Rf8 Rc2 32. c7 Bxf2+ 33. Rxf2 1-0

[Event "GBR-ch84 Major Open"]
[Site "Hove"]
[Date "1997.08.09"]
[Round "6"]
[White "Leech, Aiden M"]
[Black "Stock, Tobias W"]
[Result "1-0"]
[WhiteElo "2105"]
[BlackElo "1952"]
[PlyCount "55"]
[EventDate "1997.08.04"]
[EventType "swiss"]
[EventRounds "11"]
[EventCountry "GBR"]
[SourceTitle "BritBase"]
[Source "John Saunders"]
[SourceDate "2024.07.22"]
[SourceVersion "1"]
[SourceVersionDate "2024.07.22"]
[SourceQuality "1"]

1. e4 c5 2. Nf3 d6 3. d4 cxd4 4. Nxd4 Nf6 5. Nc3 a6 6. Bc4 e6 7. O-O Nbd7 8.
Bxe6 fxe6 9. Nxe6 Qb6 10. Nd5 Nxd5 11. exd5 Nc5 12. Ng5 Be7 13. Re1 O-O 14.
Rxe7 Nb3 15. Be3 Qd8 16. Rxg7+ Kxg7 17. axb3 h6 18. Ne6+ Bxe6 19. dxe6 Rg8 20.
Qh5 Qf6 21. Qd5 Qe7 22. Qe4 Raf8 23. Bd4+ Rf6 24. Bxf6+ Qxf6 25. Qxb7+ Kg6 26.
Qf7+ Qxf7 27. exf7 Kxf7 28. Rxa6 1-0

[Event "GBR-ch84 Major Open"]
[Site "Hove"]
[Date "1997.08.09"]
[Round "6"]
[White "Mills, Steve C"]
[Black "Lewis, David"]
[Result "0-1"]
[WhiteElo "1640"]
[BlackElo "1792"]
[PlyCount "56"]
[EventDate "1997.08.04"]
[EventType "swiss"]
[EventRounds "11"]
[EventCountry "GBR"]
[SourceTitle "BritBase"]
[Source "John Saunders"]
[SourceDate "2024.07.22"]
[SourceVersion "1"]
[SourceVersionDate "2024.07.22"]
[SourceQuality "1"]

1. Nf3 e6 2. g3 Nf6 3. Bg2 d5 4. d3 Bd6 5. O-O O-O 6. Nbd2 c6 7. e4 e5 8. Re1
Re8 9. a4 Na6 10. c3 Nc7 11. exd5 cxd5 12. d4 e4 13. Ne5 Bxe5 14. dxe5 Ng4 15.
f3 Nxe5 16. fxe4 Bg4 17. Nf3 Nxf3+ 18. Bxf3 Bxf3 19. Qxf3 dxe4 20. Rxe4 Rxe4
21. Qxe4 Qd1+ 22. Kf2 Re8 23. Qf3 Qe1+ 24. Kg2 Re2+ 25. Kh3 Qd1 26. Qf5 Ne6 27.
Qb5 Qf1+ 28. Kh4 Rxh2+ 0-1

[Event "GBR-ch84 Major Open"]
[Site "Hove"]
[Date "1997.08.09"]
[Round "6"]
[White "Almond, Philip"]
[Black "Bennett, John M"]
[Result "1-0"]
[WhiteElo "2048"]
[BlackElo "2140"]
[PlyCount "53"]
[EventDate "1997.08.04"]
[EventType "swiss"]
[EventRounds "11"]
[EventCountry "GBR"]
[SourceTitle "BritBase"]
[Source "John Saunders"]
[SourceDate "2024.07.22"]
[SourceVersion "1"]
[SourceVersionDate "2024.07.22"]
[SourceQuality "1"]

1. c4 e5 2. Nc3 Nc6 3. Nf3 g6 4. d4 exd4 5. Nxd4 Bg7 6. Nxc6 bxc6 7. g3 Ne7 8.
Bg2 O-O 9. O-O d6 10. Qc2 Bf5 11. e4 Be6 12. b3 Rb8 13. Bb2 Qc8 14. Rac1 c5 15.
Ne2 Bxb2 16. Qxb2 Nc6 17. f4 Rb6 18. e5 a5 19. Bxc6 Rxc6 20. Nc3 dxe5 21. fxe5
Rb6 22. Nd5 Bxd5 23. cxd5 a4 24. Rxc5 axb3 25. axb3 Qb7 26. e6 Rxb3 27. Qf6 1-0

[Event "GBR-ch84 Major Open"]
[Site "Hove"]
[Date "1997.08.09"]
[Round "6"]
[White "Rizouk, Ryad"]
[Black "Donovan, Nigel P"]
[Result "1-0"]
[WhiteElo "2375"]
[BlackElo "2125"]
[PlyCount "51"]
[EventDate "1997.08.04"]
[EventType "swiss"]
[EventRounds "11"]
[EventCountry "GBR"]
[SourceTitle "BritBase"]
[Source "John Saunders"]
[SourceDate "2024.07.22"]
[SourceVersion "1"]
[SourceVersionDate "2024.07.22"]
[SourceQuality "1"]

1. e4 c5 2. Nf3 d6 3. Bb5+ Bd7 4. Bxd7+ Qxd7 5. O-O Nc6 6. d4 cxd4 7. Nxd4 Nf6
8. Re1 g6 9. c4 Bg7 10. Nc3 O-O 11. Nc2 Rfc8 12. b3 a6 13. Bb2 Rab8 14. a4 Ne8
15. Rb1 Nc7 16. Nd5 b5 17. cxb5 axb5 18. Bxg7 Kxg7 19. Nce3 Ne6 20. a5 Nxa5 21.
Nf5+ gxf5 22. exf5 Nc7 23. Qd4+ Kh6 24. Nxe7 Ne8 25. Qh4+ Kg7 26. Qg5+ 1-0

[Event "GBR-ch84 Major Open"]
[Site "Hove"]
[Date "1997.08.09"]
[Round "6"]
[White "Dodgson, John A"]
[Black "Mason, Donald J"]
[Result "0-1"]
[WhiteElo "2032"]
[BlackElo "2285"]
[PlyCount "48"]
[EventDate "1997.08.04"]
[EventType "swiss"]
[EventRounds "11"]
[EventCountry "GBR"]
[SourceTitle "BritBase"]
[Source "John Saunders"]
[SourceDate "2024.07.22"]
[SourceVersion "1"]
[SourceVersionDate "2024.07.22"]
[SourceQuality "1"]

1. e4 e6 2. d3 d5 3. Nd2 Nf6 4. Ngf3 Nc6 5. c3 a5 6. Be2 g6 7. e5 Nd7 8. d4 Bg7
9. h4 f6 10. exf6 Qxf6 11. Nf1 e5 12. dxe5 Ndxe5 13. Qxd5 Be6 14. Qb5 O-O 15.
Be3 Nxf3+ 16. Bxf3 Ne5 17. Bd5 Rad8 18. Bxe6+ Qxe6 19. Rd1 Qg4 20. Qb3+ Kh8 21.
Ng3 Nd3+ 22. Rxd3 Rxd3 23. O-O Rxe3 24. fxe3 Qxg3 0-1

[Event "GBR-ch84 Major Open"]
[Site "Hove"]
[Date "1997.08.09"]
[Round "6"]
[White "Varnam, Liam D"]
[Black "Debbage, Ian A"]
[Result "0-1"]
[WhiteElo "1592"]
[BlackElo "1992"]
[PlyCount "48"]
[EventDate "1997.08.04"]
[EventType "swiss"]
[EventRounds "11"]
[EventCountry "GBR"]
[SourceTitle "BritBase"]
[Source "John Saunders"]
[SourceDate "2024.07.22"]
[SourceVersion "1"]
[SourceVersionDate "2024.07.22"]
[SourceQuality "1"]

1. e4 e6 2. d4 d5 3. exd5 exd5 4. Nf3 Bd6 5. Bd3 Nc6 6. c3 Nge7 7. O-O Bf5 8.
Bg5 f6 9. Bxf5 Nxf5 10. Re1+ Nce7 11. Bd2 Qd7 12. Qc2 g5 13. Re2 O-O-O 14. a4
Nh4 15. Qd3 Rhg8 16. Qe3 Kb8 17. Qe6 Nxf3+ 18. gxf3 Qe8 19. Qh3 h5 20. Qg2 Qd7
21. b4 Ng6 22. b5 Nf4 23. Qf1 Nxe2+ 24. Qxe2 Qh3 0-1

[Event "GBR-ch84 Major Open"]
[Site "Hove"]
[Date "1997.08.09"]
[Round "6"]
[White "Lunn, Timothy"]
[Black "Altinsoy, Mehmet N"]
[Result "1-0"]
[WhiteElo "1888"]
[BlackElo "2185"]
[PlyCount "40"]
[EventDate "1997.08.04"]
[EventType "swiss"]
[EventRounds "11"]
[EventCountry "GBR"]
[SourceTitle "BritBase"]
[Source "John Saunders"]
[SourceDate "2024.07.22"]
[SourceVersion "1"]
[SourceVersionDate "2024.07.22"]
[SourceQuality "1"]

1. d4 Nf6 2. c4 e6 3. Nc3 Bb4 4. Qc2 b6 5. a3 Bxc3+ 6. Qxc3 Bb7 7. Nf3 Ne4 8.
Qc2 f5 9. g3 d6 10. Bg2 Nd7 11. O-O O-O 12. Ng5 Ndf6 13. Nxe6 Qe7 14. Nxf8 d5
15. Nxh7 Kxh7 16. f3 Nd6 17. c5 bxc5 18. dxc5 Nf7 19. Qxf5+ g6 20. Qc2 Kg7 1-0

[Event "GBR-ch84 Major Open"]
[Site "Hove"]
[Date "1997.08.09"]
[Round "6"]
[White "Churm, Rohan M"]
[Black "Pugh, Philip R"]
[Result "1-0"]
[WhiteElo "2100"]
[BlackElo "1840"]
[PlyCount "37"]
[EventDate "1997.08.04"]
[EventType "swiss"]
[EventRounds "11"]
[EventCountry "GBR"]
[SourceTitle "BritBase"]
[Source "John Saunders"]
[SourceDate "2024.07.22"]
[SourceVersion "1"]
[SourceVersionDate "2024.07.22"]
[SourceQuality "1"]

1. e4 g6 2. Nc3 Nf6 3. d4 d5 4. e5 Nh5 5. Be3 e6 6. Bd3 Ng7 7. Nf3 h5 8. O-O
Be7 9. Ne2 c6 10. Qd2 Nf5 11. c4 Nxe3 12. fxe3 g5 13. Qc2 Na6 14. a3 Nc7 15.
Nd2 c5 16. Rac1 cxd4 17. exd4 Bd7 18. Bg6 Rf8 19. Bxf7+ 1-0

[Event "GBR-ch84 Major Open"]
[Site "Hove"]
[Date "1997.08.09"]
[Round "6"]
[White "Dickinson, Timothy R"]
[Black "Broomfield, Matthew P"]
[Result "1/2-1/2"]
[WhiteElo "2155"]
[BlackElo "2105"]
[PlyCount "25"]
[EventDate "1997.08.04"]
[EventType "swiss"]
[EventRounds "11"]
[EventCountry "GBR"]
[SourceTitle "BritBase"]
[Source "John Saunders"]
[SourceDate "2024.07.22"]
[SourceVersion "1"]
[SourceVersionDate "2024.07.22"]
[SourceQuality "1"]

1. e4 c5 2. Ne2 d6 3. c3 Nf6 4. f3 e5 5. d4 cxd4 6. cxd4 exd4 7. Nxd4 Be7 8.
Be3 Nc6 9. Be2 O-O 10. O-O a6 11. Nc3 Nxd4 12. Qxd4 b5 13. Rfd1 1/2-1/2

[Event "GBR-ch84 Major Open"]
[Site "Hove"]
[Date "1997.08.11"]
[Round "7"]
[White "Solomon, Norman"]
[Black "Costley, Martin Owen"]
[Result "0-1"]
[WhiteElo "2165"]
[BlackElo "2008"]
[PlyCount "130"]
[EventDate "1997.08.04"]
[EventType "swiss"]
[EventRounds "11"]
[EventCountry "GBR"]
[SourceTitle "BritBase"]
[Source "John Saunders"]
[SourceDate "2024.07.22"]
[SourceVersion "1"]
[SourceVersionDate "2024.07.22"]
[SourceQuality "1"]

1. Nf3 Nf6 2. c4 c5 3. g3 g6 4. Bg2 Bg7 5. Nc3 Nc6 6. O-O O-O 7. d4 d6 8. b3
cxd4 9. Nxd4 Nxd4 10. Qxd4 Ne4 11. Qxe4 Bxc3 12. Bh6 Bxa1 13. Bxf8 Bf6 14. Bh6
Qa5 15. Qc2 Rb8 16. Rd1 b6 17. h4 Bf5 18. e4 Bg4 19. f3 Be6 20. Be3 Rc8 21. Qd2
Qxd2 22. Rxd2 Kf8 23. f4 Bc3 24. Rf2 Be1 25. Re2 Bxg3 26. h5 Bg4 27. Rd2 Be1
28. Rd5 Bxh5 29. f5 Bc3 30. Bh6+ Ke8 31. Bh3 Rc5 32. Rd3 Be5 33. Kf2 f6 34. Be3
Rc7 35. a4 g5 36. Bd2 Bf7 37. Bf1 Kd7 38. Be2 h5 39. Rh3 h4 40. Bg4 Kc6 41. Be3
Rc8 42. Rh1 Kb7 43. Rc1 Bb2 44. Rd1 Ba3 45. Bf3 Kc7 46. Kg2 Bc5 47. Bd2 a5 48.
Kh3 Rh8 49. Bc1 Bh5 50. Bxh5 Rxh5 51. Rd3 Rh8 52. Bd2 Bf2 53. Bc3 Bg3 54. Bd2
g4+ 55. Kxg4 h3 56. Be3 h2 57. Rd1 h1=Q 58. Rxh1 Rxh1 59. Kxg3 Rb1 60. Kg4 Rxb3
61. Bd4 Rb4 62. Kh5 Rxc4 63. Bxf6 exf6 64. Kg6 Rxe4 65. Kxf6 Rxa4 0-1

[Event "GBR-ch84 Major Open"]
[Site "Hove"]
[Date "1997.08.11"]
[Round "7"]
[White "Hodge, David J"]
[Black "Forman, Karl L"]
[Result "1-0"]
[WhiteElo "2140"]
[BlackElo "1832"]
[PlyCount "102"]
[EventDate "1997.08.04"]
[EventType "swiss"]
[EventRounds "11"]
[EventCountry "GBR"]
[SourceTitle "BritBase"]
[Source "John Saunders"]
[SourceDate "2024.07.22"]
[SourceVersion "1"]
[SourceVersionDate "2024.07.22"]
[SourceQuality "1"]

1. e4 e6 2. d4 d5 3. Nd2 c5 4. exd5 exd5 5. Ngf3 Nf6 6. Bb5+ Bd7 7. Bxd7+ Nbxd7
8. O-O Be7 9. dxc5 Nxc5 10. Nb3 O-O 11. Be3 Rc8 12. c3 a6 13. Nxc5 Bxc5 14. Bg5
Be7 15. Qb3 h6 16. Bxf6 Bxf6 17. Rad1 Qc7 18. Rxd5 Rcd8 19. Rfd1 Rxd5 20. Rxd5
Rd8 21. Rxd8+ Qxd8 22. g3 Qe7 23. Qc4 g6 24. Kg2 Kg7 25. Nd2 Qd7 26. Ne4 Bd8
27. Qd4+ Qxd4 28. cxd4 Bb6 29. d5 Kf8 30. Nd6 Bd4 31. Nxb7 Bxb2 32. Na5 Ke7 33.
Nc4 Bd4 34. Kf3 h5 35. h3 f5 36. Kg2 g5 37. f3 g4 38. hxg4 hxg4 39. f4 Kf6 40.
Kf1 Ke7 41. Ke2 Bc5 42. Kd3 Kf6 43. Ne3 Bb4 44. Nc2 Ba5 45. Kc4 Bb6 46. Nd4 Ba5
47. d6 Be1 48. Kd5 Bf2 49. Nc6 Bxg3 50. d7 Bxf4 51. d8=Q+ Kg6 1-0

[Event "GBR-ch84 Major Open"]
[Site "Hove"]
[Date "1997.08.11"]
[Round "7"]
[White "Lewis, Andrew P"]
[Black "Tan, Desmond TN"]
[Result "1-0"]
[WhiteElo "2296"]
[BlackElo "2104"]
[PlyCount "97"]
[EventDate "1997.08.04"]
[EventType "swiss"]
[EventRounds "11"]
[EventCountry "GBR"]
[SourceTitle "BritBase"]
[Source "John Saunders"]
[SourceDate "2024.07.22"]
[SourceVersion "1"]
[SourceVersionDate "2024.07.22"]
[SourceQuality "1"]

1. c4 g6 2. Nc3 Bg7 3. g3 c5 4. Bg2 Nc6 5. Nf3 d6 6. O-O e5 7. a3 Nge7 8. b4
O-O 9. Rb1 Rb8 10. d3 h6 11. Bd2 f5 12. Ne1 Qd7 13. Nc2 b6 14. Ne3 Bb7 15. Ned5
Nd8 16. Nxe7+ Qxe7 17. Nd5 Qd7 18. bxc5 dxc5 19. a4 Bc6 20. a5 b5 21. f4 Kh7
22. fxe5 Bxe5 23. Qc1 Bg7 24. Bc3 Ne6 25. e3 b4 26. Bxg7 Qxg7 27. Qb2 Rbd8 28.
Qxg7+ Kxg7 29. Rfd1 Rfe8 30. d4 Rb8 31. Rd2 Ng5 32. dxc5 Ne6 33. Nc7 Nxc7 34.
Bxc6 Re7 35. Ba4 Na6 36. Rd5 Nc7 37. Rd6 Ne6 38. Rd5 Nc7 39. Rbd1 Nxd5 40. cxd5
b3 41. d6 Rxe3 42. c6 b2 43. Rb1 Rc3 44. c7 Rb4 45. d7 Rc1+ 46. Kg2 Rxb1 47.
d8=Q Rg1+ 48. Kh3 Rc4 49. Qe7+ 1-0

[Event "GBR-ch84 Major Open"]
[Site "Hove"]
[Date "1997.08.11"]
[Round "7"]
[White "Mason, Donald J"]
[Black "Rutter, Nicholas J"]
[Result "1-0"]
[WhiteElo "2285"]
[BlackElo "2096"]
[PlyCount "93"]
[EventDate "1997.08.04"]
[EventType "swiss"]
[EventRounds "11"]
[EventCountry "GBR"]
[SourceTitle "BritBase"]
[Source "John Saunders"]
[SourceDate "2024.07.22"]
[SourceVersion "1"]
[SourceVersionDate "2024.07.22"]
[SourceQuality "1"]

1. e4 c5 2. Nc3 Nc6 3. f4 g6 4. Nf3 Bg7 5. Bb5 Nd4 6. Bd3 e6 7. Nxd4 cxd4 8.
Nb5 d6 9. c3 Ne7 10. Nxd4 O-O 11. Nf3 Bh6 12. Bc2 Bxf4 13. d4 Bxc1 14. Qxc1 f6
15. Qh6 b5 16. O-O Qc7 17. Ng5 Nc6 18. Bb3 Qe7 19. Nf3 Na5 20. Bc2 Qg7 21.
Qxg7+ Kxg7 22. a4 bxa4 23. Rxa4 Nc6 24. Rfa1 Rf7 25. b4 Rb8 26. d5 exd5 27.
exd5 Ne7 28. Rxa7 Bb7 29. c4 Nc8 30. R7a2 Nb6 31. Bd3 Rc7 32. Nd4 Kf7 33. Nb5
Rd7 34. Ra7 Nc8 35. R7a2 Re7 36. Kf2 Re5 37. Na7 Ne7 38. b5 Nf5 39. Nc6 Bxc6
40. dxc6 Ne7 41. Ra7 Rc5 42. Re1 Re8 43. Rd7 Re5 44. Rxe5 fxe5 45. c7 Rf8 46.
Rd8 Nc8 47. Be4 1-0

[Event "GBR-ch84 Major Open"]
[Site "Hove"]
[Date "1997.08.11"]
[Round "7"]
[White "Beckett, Christopher J"]
[Black "Dickinson, Timothy R"]
[Result "0-1"]
[WhiteElo "2176"]
[BlackElo "2155"]
[PlyCount "68"]
[EventDate "1997.08.04"]
[EventType "swiss"]
[EventRounds "11"]
[EventCountry "GBR"]
[SourceTitle "BritBase"]
[Source "John Saunders"]
[SourceDate "2024.07.22"]
[SourceVersion "1"]
[SourceVersionDate "2024.07.22"]
[SourceQuality "1"]

1. d4 e6 2. c4 Nf6 3. Nc3 Bb4 4. f3 d5 5. a3 Bxc3+ 6. bxc3 O-O 7. e3 c5 8. cxd5
Nxd5 9. Ne2 cxd4 10. cxd4 b6 11. e4 Ne7 12. a4 Ba6 13. Ba3 Qd7 14. Nc3 Bxf1 15.
Kxf1 Rd8 16. Nb5 Nbc6 17. Kf2 a6 18. Nd6 Nc8 19. e5 N6e7 20. Rc1 Nxd6 21. Bxd6
Nd5 22. Qb3 Rdc8 23. a5 b5 24. Rc5 Qd8 25. Rhc1 Qh4+ 26. Kf1 Rxc5 27. dxc5 Qxh2
28. Rc2 Qh1+ 29. Kf2 Nf4 30. Ke3 Nxg2+ 31. Rxg2 Qxg2 32. c6 Qg1+ 33. Kd3 Qf1+
34. Kd2 Qc4 0-1

[Event "GBR-ch84 Major Open"]
[Site "Hove"]
[Date "1997.08.11"]
[Round "7"]
[White "Donovan, Nigel P"]
[Black "Howell, Christopher I"]
[Result "1-0"]
[WhiteElo "2125"]
[BlackElo "2175"]
[PlyCount "59"]
[EventDate "1997.08.04"]
[EventType "swiss"]
[EventRounds "11"]
[EventCountry "GBR"]
[SourceTitle "BritBase"]
[Source "John Saunders"]
[SourceDate "2024.07.22"]
[SourceVersion "1"]
[SourceVersionDate "2024.07.22"]
[SourceQuality "1"]

1. e4 c5 2. Nf3 Nc6 3. Bb5 Nd4 4. Nxd4 cxd4 5. O-O Qb6 6. a4 a6 7. Bc4 e6 8. d3
d6 9. f4 Nf6 10. e5 d5 11. exf6 dxc4 12. fxg7 Bxg7 13. Nd2 c3 14. Nc4 Qc6 15.
Qg4 Bf6 16. bxc3 h5 17. Qe2 Kf8 18. Ba3+ Kg8 19. Rf3 Rh7 20. Rg3+ Kh8 21. Ne5
Qxa4 22. Be7 Qxa1+ 23. Kf2 Bg7 24. Bf6 Qc1 25. Bxg7+ Kg8 26. Bh6+ Kh8 27. Nxf7+
Rxf7 28. Qe5+ Kh7 29. Rg7+ Kxh6 30. Qg5# 1-0

[Event "GBR-ch84 Major Open"]
[Site "Hove"]
[Date "1997.08.11"]
[Round "7"]
[White "O'Brien, Paul W"]
[Black "Watts, Richard J"]
[Result "1-0"]
[WhiteElo "1640"]
[BlackElo "1752"]
[PlyCount "55"]
[EventDate "1997.08.04"]
[EventType "swiss"]
[EventRounds "11"]
[EventCountry "GBR"]
[SourceTitle "BritBase"]
[Source "John Saunders"]
[SourceDate "2024.07.22"]
[SourceVersion "1"]
[SourceVersionDate "2024.07.22"]
[SourceQuality "1"]

1. e4 d6 2. d4 g6 3. Nc3 Bg7 4. Be3 Nf6 5. f3 O-O 6. Qd2 Re8 7. O-O-O a6 8. g4
Nc6 9. Nge2 b6 10. Ng3 Bb7 11. h4 d5 12. e5 Nd7 13. f4 Qc8 14. h5 Ndxe5 15.
fxe5 Qxg4 16. Qf2 Nxe5 17. Be2 Qc8 18. dxe5 d4 19. hxg6 fxg6 20. Bc4+ e6 21.
Bxd4 Bxh1 22. Rxh1 c5 23. Qh2 cxd4 24. Qxh7+ Kf8 25. Rf1+ Ke7 26. Qxg7+ Kd8 27.
Nce4 Qxc4 28. Nd6 1-0